Sunderland Best Scorer By Year - Statistics

General Stats
  • This quiz has been taken 179 times
  • The average score is 6 of 31
Answer Stats
Player % Correct
Jermain Defoe
87%
Kevin Phillips
75%
Darren Bent
59%
Kenwyne Jones
49%
Asamoah Gyan
46%
Adam Johnson
44%
Steven Fletcher
39%
Connor Wickham
25%
Djibril Cissé
22%
Marco Gabbiadini
20%
Dean Whitehead
18%
Len Shackleton
17%
Liam Lawrence
17%
Gary Rowell
16%
Nicklas Bendtner
16%
Craig Russell
15%
Clive Walker
13%
Colin West
12%
Anthony Le Tallec
8%
Tommy Miller
8%
Robert Lee
7%
Trevor Ford
7%
Tommy Wright
6%
Colin Suggett
4%
Nick Sharkey
4%
Gordon Harris
3%
Ken Chisholm
3%
Neil Martin
3%
George Mulhall
2%
Alan O'Neill
1%
Charles Fleming
1%
No matching quizzes found
Score Distribution
Percent of People with Each Score
Percentile by Number Answered
Your Score History
You have not taken this quiz